| 000 | 00915nam a2200253 a 4500 | ||
|---|---|---|---|
| 001 | BRCA_9151 | ||
| 005 | 20190320210534.0 | ||
| 008 | 070818s2018----u--ab#####---#000-0#eng-# | ||
| 020 | _a9781595348357 | ||
| 020 | _a9781595348340 | ||
| 041 | _aeng | ||
| 044 | _au | ||
| 050 | 4 |
_aN6502.2 _b.S26 2018 |
|
| 245 | 1 | 0 |
_aSan Antonio 1718 _bart from Mexico _cedited by Marion Oettinger Jr. |
| 260 |
_aSan Antonio, Texas _bTrinity University Press : San Antonio Museum of Art _c2018 |
||
| 300 |
_axi, 191 p. _bil. a color, mapas _c22 cm. |
||
| 500 | _aIncluye lista de figuras, lista de ilustraciones e índice alfabético | ||
| 504 | _aBibliografía : p. 161-169 | ||
| 650 | 1 | 4 |
_aArte español colonial _vExposiciones _922567 |
| 650 | 1 | 4 |
_aArte _vExposiciones _zMéxico _93600 |
| 651 | 4 |
_aSan Antonio (Texas) _vExposiciones _xCivilización _922568 |
|
| 700 | 1 |
_aOettinger, Marion _cJr. _d1942- _eed. _922569 |
|
| 942 |
_2lcc _cB |
||
| 999 |
_c8798 _d8798 |
||